Vidéki járások versenyképessége Magyarországon

Elmentve itt :
Bibliográfiai részletek
További közreműködők: Lengyel Imre
Vas Zsófia
Lukovics Miklós
Gyurkovics János
Dokumentumtípus: Könyv
Megjelent: Szegedi Tudományegyetem Gazdaságtudományi Kar Szeged 2015
Kulcsszavak:Versenyképesség - Magyarország
Tárgyszavak:
Online Access:http://acta.bibl.u-szeged.hu/57989
LEADER 00877nam a2200241 i 4500
001 acta57989
005 20240531135024.0
008 190529s2015 hu o 000 hun d
040 |a SZTE Egyetemi Kiadványok Repozitórium  |b hun 
041 |a hun 
245 0 0 |a Vidéki járások versenyképessége Magyarországon  |h [elektronikus dokumentum] 
260 |a Szegedi Tudományegyetem Gazdaságtudományi Kar  |b Szeged  |c 2015 
300 |a 12 
300 |a 1-11 
650 4 |a Társadalomtudományok 
650 4 |a Közgazdasági és gazdálkodástudományok 
650 4 |a Társadalom- és gazdaságföldrajz 
695 |a Versenyképesség - Magyarország 
700 0 1 |a Lengyel Imre 
700 0 1 |a Vas Zsófia 
700 0 1 |a Lukovics Miklós 
700 0 1 |a Gyurkovics János 
856 4 0 |u http://acta.bibl.u-szeged.hu/57989/1/videki_jarasok_versenykepessege_magyarorszagon.pdf  |z Dokumentum-elérés